| Поле | Название | Значение |
| |
Тип записи |
a |
| |
Библиографический уровень |
m |
| 001 |
Контрольный номер |
RU/SLIB/B/208718870 |
| 005 |
Дата корректировки |
20201206203937.5 |
| 010 |
Индекс ISBN |
__ |
| a |
ISBN |
(в пер.) |
| d |
Цена |
289-00; 3-80 |
| 100 |
Данные общей обработки |
__ |
| a |
Данные общей обработки |
19151020d1978||||||| 0rusy0189 ca |
| 101 |
Язык документа |
0_ |
| a |
Язык текста |
rus |
| 102 |
Страна публикации |
__ |
| a |
Страна публикации |
ru |
| 105 |
Кодированные данные (монография) |
__ |
| a |
Кодированные данные (монография) |
ao||||||000zy |
| 200 |
Заглавие и сведения об ответственности |
1_ |
| a |
Заглавие |
Фотоохота |
| f |
Первые сведения об ответственности |
И. Мухин, А. Артюхов ; [редактор В. В. Баранчук] |
| b |
Общее обозначение материала |
Текст |
| 210 |
Выходные данные |
__ |
| a |
Место издания |
Москва |
| c |
Издательство |
Физкультура и спорт |
| d |
Дата издания |
1978 |
| 215 |
Физическое описание |
__ |
| a |
Объем |
223 с. |
| c |
Иллюстрации/тип воспроизводства |
фотоил. |
| d |
Формат |
22 см |
| 300 |
Общие примечания |
__ |
| a |
Общие примечания |
100000 экз. |
| 330 |
Аннотация |
__ |
| a |
Аннотация |
Раскрывается поэзия самой гуманной охоты - охоты с фотоаппаратом. На страницах книги представлены многочисленные черно-белые и цветные фотографии, на которых изображены интересные моменты из жизни зверей, птиц, пресмыкающихся и насекомых. |
| 606 |
Тематические рубрики |
__ |
| a |
Основная рубрика |
Изобразительное искусство и архитектура |
| 606 |
Тематические рубрики |
__ |
| a |
Основная рубрика |
Жанры художественной фотографии |
| 610 |
Ключевые слова |
__ |
| a |
Ключевые слова |
охотоведение |
| a |
Ключевые слова |
тема животных |
| a |
Ключевые слова |
тема природы |
| a |
Ключевые слова |
фотоаппараты |
| a |
Ключевые слова |
фотоохота |
| a |
Ключевые слова |
фотосъемка |
| a |
Ключевые слова |
художественная фотография |
| 686 |
Индексы других классификаций |
__ |
| 2 |
Код системы |
rubbks |
| a |
Классификационный индекс |
85.167.8; ст85.16 |
| 700 |
Автор |
_1 |
| a |
Фамилия |
Мухин |
| b |
Имя |
И. А. |
| g |
Полное личное имя |
Измаил Алексеевич |
| 4 |
Код отношения |
070 |
| 702 |
Вторичная интеллектуальная ответственность |
_1 |
| a |
Фамилия |
Артюхов |
| b |
Имя |
А. Я. |
| 4 |
Код отношения |
Автор |
| 702 |
Вторичная интеллектуальная ответственность |
_1 |
| a |
Фамилия |
Баранчук |
| b |
Имя |
В. В. |
| 4 |
Код отношения |
Редактор |
| 4 |
Код отношения |
340 |
| 801 |
Источник записи |
_0 |
| a |
Страна |
ru |
| b |
Организация |
Муниципальное бюджетное учреждение культуры "Централизованная библиотечная система" г. Сургут (Центральная городская библиотека им. А. С. Пушкина) |
| c |
Дата составления |
20151020 |
| g |
Правила каталогизации |
К/Пронина; КиК/Апакова |
| 801 |
Источник записи |
_1 |
| a |
Страна |
ru |
| b |
Организация |
Муниципальное бюджетное учреждение культуры "Централизованная библиотечная система" г. Сургут (Центральная городская библиотека им. А. С. Пушкина) |
| c |
Дата составления |
20151020 |
| g |
Правила каталогизации |
К/Пронина; КиК/Апакова |
| 852 |
Данные о местонахождении |
__ |
| j |
Шифр хранения |
85.167.8 |
| c |
Каталожный индекс |
85.163(2)6 |
| i |
Авторский знак |
М 92 |
| p |
Инвентарный номер |
217; 136831(с); 136832(с); 136834(с) |
| 901 |
Тип документа |
__ |
| t |
Тип документа |
m |
| 903 |
Характеристики (МАРС) |
__ |
| a |
Дата передачи |
20151020 |
| 990 |
Данные о заказе (DOS) |
__ |
| j |
Количество экземпляров (DOS) |
1; 4 |
| t |
N записи в КСУ для И/У (DOS) |
201510; 199101 |